Nr. 1 Hits in Deutschland 2020 - Statistiken

Allgemein
  • Dieses Quiz wurde 154 mal gespielt
  • Das Durchschnittsergebnis liegt bei 12 aus 29
Antwortstatistiken
Wochen auf Platz 1 Lied Interpret % Korrekt
17 Wochen All I Want for Christmas Is You Mariah Carey
89%
10 Wochen Blinding Lights The Weeknd
88%
10 Wochen Dance Monkey Tones and I
70%
3 Wochen Bläulich Apache 207
68%
2 Wochen Fame Apache 207
68%
1 Woche Boot Apache 207
68%
3 Wochen Angeklagt Bonez MC
58%
1 Woche Roadrunner Bonez MC
58%
1 Woche Nicht Verdient Capital Bra & Loredana
58%
2 Wochen Savage Love(Laxed – Siren Beat) Jawsh 685 & Jason Derulo
58%
1 Woche 90-60-111 Shirin David
56%
1 Woche In meinem Benz AK Ausserkontrolle &Bonez MC
50%
1 Woche True Romance Die Ärzte
49%
1 Woche Frühstück in Paris Capital Bra feat. Cro
42%
2 Wochen Kein Wort Juju & Loredana
38%
1 Woche Rohdiamant ٢٠٢٠ Samra
33%
1 Woche Kennst du das ?! Samra
33%
1 Woche Emotions Ufo361
33%
1 Woche Du bist mein Loredana & Zuna
29%
1 Woche Angst Loredana feat. Rymez
28%
5 Wochen Mood 24kGoldn feat. Iann Dior
25%
1 Woche Big Body Benz Bonez MC
25%
1 Woche Fuckst mich nur ab Bonez MC
25%
1 Woche Unterwegs Apache 207
20%
1 Woche Sie ruft Apache 207
20%
1 Woche Unterwegs KitschKrieg feat. Jamule
12%
1 Woche Baby Joker Bra & Vize
4%
1 Woche Eine Nacht Ramon Roselly
4%
1 Woche Living in a Ghost Town The Rolling Stones
1%
Keine übereinstimmenden Quizze gefunden
Verteilung der Resultate
Anzahl Personen mit jedem Resultat
Perzentil nach korrekt beantworteten Fragen
Ihre Resultats-Entwicklung
Sie haben dieses Quiz noch nicht gespielt